|
|
|
|
| LEADER |
00000nab a2200000 ar4500 |
| 001 |
vtls008621294 |
| 003 |
SK-MaSNL |
| 005 |
20260303071921.0 |
| 008 |
060208c2003 xo |r|p|||||||000 b|slo |
| 015 |
|
|
|a SNBRB2006/02
|2 snkbucl
|
| 038 |
|
|
|a SNKBUCL
|
| 040 |
|
|
|a SNKBUCL
|b slo
|c SNKBUCL
|e AACR2
|
| 041 |
1 |
|
|a slo
|
| 044 |
|
|
|a xo
|c SK
|
| 080 |
|
|
|a 316.022.4
|x (=162.4)
|x (100)
|2 2001
|
| 080 |
|
|
|a 323.113
|x (=162.4)
|x (100)
|2 2001
|
| 245 |
0 |
0 |
|a Obsahy doposiaľ vydaných 19 ročníkov zborníka Slováci v zahraničí v Matici slovenskej 1971-1994
|
| 504 |
|
|
|a Bibliogr. odkazy
|
| 630 |
0 |
7 |
|a Slováci v zahraničí (zborník)
|2 snkbucl
|9 1071218
|
| 648 |
|
7 |
|a 1971-1994
|2 snkbucl
|9 1071219
|
| 655 |
|
7 |
|a bibliografické prehľady
|2 snkbucl
|9 534643
|
| 773 |
0 |
|
|t Slováci v zahraničí 20
|d Martin : Matica slovenská, 2003
|g S. 113-132
|z 8070907223
|
| 852 |
|
|
|a SNK
|b KIS3GCP
|
| 958 |
|
|
|a NB
|
| 999 |
|
|
|c 1761981
|d 1763911
|